| 000 | 00851nam a22001817a 4500 | ||
|---|---|---|---|
| 999 |
_c63238 _d63238 |
||
| 003 | Ge_BSU | ||
| 005 | 20250702155506.0 | ||
| 008 | 250702s1968 ge ||||| |||| 00| 0 geo d | ||
| 041 | _ageo | ||
| 080 | _a331(47+57) ფ-25 | ||
| 100 |
_aფანჯავიძე, ევგენია _925599 |
||
| 245 |
_aახალი ადამიანის აღზრდა კომუნისტური შრომის კოლექტივებში / _cევგენია ფანჯავიძე. |
||
| 264 |
_aთბილისი : _bსაბჭ. საქართველო, _c1968. |
||
| 300 |
_a146 გვ. ; _b16 სმ. |
||
| 653 | _aშრომა სსრ კავშირში. | ||
| 653 | _aშრომის მეცნიერული ორგანიზაცია. | ||
| 942 |
_2udc _cᲬᲘᲒᲜᲘ |
||